000 00782nam0a22002411 4500
001 rc\2623504
005 20250623142947.0
035 _a(NLR Aleph) 006787146
090 _a6105426
_c6105426
100 _a20110914d1931 |||y0rusy50 ca
101 0 _arus
102 _aRU
105 _ay z |||||
200 1 _aРабочий февраль
_e[1917 г. в Петрограде]
_fИ. Мильчик
210 _aМосква
_aЛенинград
_cОгиз - Мол. гвардия
_d1931
_eЛенинград
_gтип. "Коминтерн"
215 _a96 с.
_d17х13 см.
700 1 _aМильчик
_bИ.И.
_f1879-
_gИсай Исаевич
801 0 _aRU
_bNLR
_gpsbo
801 1 _aRU
_bELAR
_2rusmarc
852 _aNLR
_j31-8/3875
942 _cBOOK
980 _aNB